One 2...Fly Số tháng 8 + 9
Trong số này có nói về: One2 star; one2 go; one2 fashion; one2 health & beauty; one2 showbiz; one2 perfect couple; one2 sky; one2 car;...
Đã lưu trong:
| Formáid: | Leabhar |
|---|---|
| Teanga: | Vietnamese |
| Foilsithe: |
Hồ Chí Minh
Vietjetair
2017
|
| Ábhair: | |
| Clibeanna: |
Cuir Clib Leis
Gan Chlibeanna, Bí ar an gcéad duine leis an taifead seo a chlibeáil!
|
| Thư viện lưu trữ: | Thư viện Trường Đại học Nam Cần Thơ |
|---|
| LEADER | 00699nam a22001817a 4500 | ||
|---|---|---|---|
| 001 | NCT_133683 | ||
| 008 | 220601b xxu||||| |||| 00| 0 vie d | ||
| 999 | |c 6884 |d 6884 | ||
| 041 | |a vie | ||
| 245 | 0 | 0 | |a One 2...Fly |n Số tháng 8 + 9 |c Vietjetair |
| 260 | |a Hồ Chí Minh |b Vietjetair |c 2017 | ||
| 300 | |c 29cm | ||
| 362 | |a 8-9/2017 | ||
| 520 | 3 | |a Trong số này có nói về: One2 star; one2 go; one2 fashion; one2 health & beauty; one2 showbiz; one2 perfect couple; one2 sky; one2 car;... | |
| 655 | |a Tạp chí | ||
| 942 | |2 ddc |c CR | ||
| 952 | |0 0 |1 0 |2 ddc |4 0 |7 0 |9 24774 |a 000001 |b 000001 |d 2022-06-01 |r 2022-06-01 |w 2022-06-01 |y CR | ||
| 980 | |a Thư viện Trường Đại học Nam Cần Thơ | ||